000 00591cam a22002053a 4500
001 41916
003 PGUSA
005 20140828083938.0
008 130126s2013||||xxu|||||s|||||000 | eng d
040 _aPGUSA
_beng
042 _adc
100 1 _aWray, J. Jackson
245 1 0 _aNestleton Magna :
_bA Story of Yorkshire Methodism
_h[electronic resource] /
_cJ. Jackson Wray
260 _bProject Gutenberg,
_c2013
506 _aPublic domain in the USA.
516 _aElectronic text
830 0 _aProject Gutenberg
_v41916
856 4 0 _uhttp://www.gutenberg.org/ebooks/41916
942 _cEB
999 _c271168
_d271168